Theory of elastic stability (Record no. 24059)

MARC details
000 -LEADER
fixed length control field 00333nam a2200133Ia 4500
082 ## - DEWEY DECIMAL CLASSIFICATION NUMBER
Classification number 539.31
Item number TIM
100 ## - MAIN ENTRY--AUTHOR NAME
Personal name Gere, James M
245 #0 - TITLE STATEMENT
Title Theory of elastic stability
250 ## - EDITION STATEMENT
Edition statement Ed.2
260 ## - PUBLICATION, DISTRIBUTION, ETC. (IMPRINT)
Place of publication New York
Name of publisher McGraw Hill
Year of publication 1961
700 ## - ADDED ENTRY--PERSONAL NAME
Personal name Timoshenko, Stephen P
942 ## - ADDED ENTRY ELEMENTS (KOHA)
Koha item type Books
Holdings
Withdrawn status Lost status Damaged status Not for loan Home library Current library Date acquired Cost, normal purchase price Full call number Accession Number Koha item type
        RRII Library RRII Library 16/12/2021 6.50 539.31 TIM 04747 Books